Kirjaimeen R päättyvät valtiot - Statistics

Yleistilastot
  • Tätä visaa on pelattu 1 959 kertaa
  • Keskiarvotulos 5 / 7
Vastaustilastot
Maanosa Valtio % Oikein
Etelä-Amerikka Ecuador
80%
Aasia Qatar
72%
Afrikka Niger
66%
Aasia Myanmar
65%
Pohjois-Amerikka El Salvador
64%
Afrikka Madagaskar
56%
Aasia Itä-Timor
53%
Ehtoja vastaavia visoja ei löytynyt
Tulosjakauma
Jokaisen tuloksen saaneiden osuus
Persentiili vastausten määrän mukaan
Tuloshistoriasi
Et ole pelannut tätä visaa